Foundations of Financial Management / (Record no. 10730)
[ view plain ]
| 000 -LEADER | |
|---|---|
| fixed length control field | 01200pam a2200289 a 4500 |
| 001 - CONTROL NUMBER | |
| control field | 3052261 |
| 005 - DATE AND TIME OF LATEST TRANSACTION | |
| control field | 19961205154446.1 |
| 008 - FIXED-LENGTH DATA ELEMENTS--GENERAL INFORMATION | |
| fixed length control field | 960419s1997 mnua 001 0 eng |
| 010 ## - LIBRARY OF CONGRESS CONTROL NUMBER | |
| LC control number | 96019547 |
| 020 ## - INTERNATIONAL STANDARD BOOK NUMBER | |
| International Standard Book Number | 0314095721 (alk. paper)(Student Edition) |
| 020 ## - INTERNATIONAL STANDARD BOOK NUMBER | |
| International Standard Book Number | 0314205926 (Annotated Instructor’s Edition) |
| 040 ## - CATALOGING SOURCE | |
| Original cataloging agency | DLC |
| Transcribing agency | DLC |
| Modifying agency | DLC |
| 050 00 - LIBRARY OF CONGRESS CALL NUMBER | |
| Classification number | HG4026 |
| Item number | .L412 1997 |
| 082 00 - DEWEY DECIMAL CLASSIFICATION NUMBER | |
| Classification number | 658.15 |
| Edition number | 20 |
| Item number | LEE |
| 100 1# - MAIN ENTRY--PERSONAL NAME | |
| Personal name | Lee, Cheng F. |
| 245 10 - TITLE STATEMENT | |
| Title | Foundations of Financial Management / |
| Statement of responsibility, etc | by Cheng F. Lee, Joseph E. Finnerty, Edgar A. Norton. |
| 260 ## - PUBLICATION, DISTRIBUTION, ETC. (IMPRINT) | |
| Place of publication, distribution, etc | Minneapolis/St. Paul, Minn. : |
| Name of publisher, distributor, etc | West Pub., |
| Date of publication, distribution, etc | c1997. |
| 300 ## - PHYSICAL DESCRIPTION | |
| Extent | xxviii, 656, 60, 15 p. : |
| Other physical details | col. ill. ; |
| Dimensions | 26 cm. |
| 500 ## - GENERAL NOTE | |
| General note | Includes index. |
| 650 #0 - SUBJECT ADDED ENTRY--TOPICAL TERM | |
| Topical term or geographic name as entry element | Corporations |
| General subdivision | Finance. |
| 650 #0 - SUBJECT ADDED ENTRY--TOPICAL TERM | |
| Topical term or geographic name as entry element | Business enterprises |
| General subdivision | Finance. |
| 700 1# - ADDED ENTRY--PERSONAL NAME | |
| Personal name | Finnerty, Joseph E. |
| 700 1# - ADDED ENTRY--PERSONAL NAME | |
| Personal name | Norton, Edgar, |
| Dates associated with a name | 1957- |
| 942 ## - ADDED ENTRY ELEMENTS (KOHA) | |
| Source of classification or shelving scheme | Dewey Decimal Classification |
| Item type | Book - Borrowing |
| Withdrawn status | Item status | Source of classification or shelving scheme | Damaged status | Not for loan | Vendor | Home library | Current library | Shelving location | Date acquired | Source of acquisition | Cost, normal purchase price | Serial Enumeration / chronology | Total Checkouts | Total Renewals | Full call number | Barcode | Date last seen | Date last borrowed | Koha item type |
|---|---|---|---|---|---|---|---|---|---|---|---|---|---|---|---|---|---|---|---|
| Dewey Decimal Classification | Alahram | Central Library | Central Library | First floor | 05/02/2009 | 149.50 | 6397 | 2 | 10 | 658.15 LEE | 000014668 | 15/07/2025 | 10/04/2017 | Book - Borrowing |